Anglo-Saxon Christian poetry : an address delivered at the opening of the lectures on the English language and literature at Leiden, October 12, 1907 /

Bibliographic Details
Main Author: Barnouw, Adriaan Jacob, 1877-1968
Corporate Author: SpringerLink (Online service)
Format: eBook
Language:English
Published: Norwood, Pa. : Norwood Editions, 1976.
Subjects:
Online Access:Connect to the full text of this electronic book

MARC

Tag First Indicator Second Indicator Subfields
LEADER 00000cam a2200000Ki 4500
001 in00003553085
006 m o d
007 cr cnu---unuuu
008 140711r19761914pau ob 000 0 eng d
005 20260422230355.8
019 |a 784111647  |a 796380433 
020 |a 9789401763141 (electronic bk.) 
020 |a 9401763143 (electronic bk.) 
020 |z 0848201744 
020 |z 9780848201746 
024 7 |a 10.1007/978-94-017-6314-1  |2 doi 
035 |a (OCoLC)883391240  |z (OCoLC)784111647  |z (OCoLC)796380433 
040 |a GW5XE  |b eng  |e rda  |e pn  |c GW5XE  |d OCLCE  |d OCLCF  |d OCL  |d UtOrBLW 
041 1 |a eng  |h dut 
042 |a dlr 
043 |a e-uk--- 
049 |a TXAM 
050 4 |a PR201  |b .B313 1976eb 
082 0 4 |a 829/.1  |2 22 
100 1 |a Barnouw, Adriaan Jacob,  |d 1877-1968. 
240 1 0 |a Schriftuurlijke poëzie der Angelsaksen.  |l English 
245 1 0 |a Anglo-Saxon Christian poetry :  |b an address delivered at the opening of the lectures on the English language and literature at Leiden, October 12, 1907 /  |c by A.J. Barnouw ; translated by Louise Dudley. 
264 1 |a Norwood, Pa. :  |b Norwood Editions,  |c 1976. 
300 |a 1 online resource (41 pages) 
336 |a text  |b txt  |2 rdacontent 
337 |a computer  |b c  |2 rdamedia 
338 |a online resource  |b cr  |2 rdacarrier 
500 |a Translation of Schriftuurlijke poëzie der Angelsaksen. 
500 |a Reprint of the 1914 edition published by M. Nijhoff, The Hague. 
504 |a Includes bibliographical references. 
588 |a Description based on print version record. 
538 |a Master and use copy. Digital master created according to Benchmark for Faithful Digital Reproductions of Monographs and Serials, Version 1. Digital Library Federation, December 2002.  |u http://purl.oclc.org/DLF/benchrepro0212  |5 MiAaHDL 
583 1 |a digitized  |c 2011  |h HathiTrust Digital Library  |l committed to preserve  |2 pda  |5 MiAaHDL 
650 0 |a English poetry  |y Old English, ca. 450-1100  |x History and criticism. 
650 0 |a Christian poetry, English (Old)  |x History and criticism. 
650 0 |a Civilization, Anglo-Saxon, in literature. 
650 0 |a Civilization, Medieval, in literature. 
655 7 |a Electronic books.  |2 local 
710 2 |a SpringerLink (Online service) 
776 1 8 |i Print version:  |a Barnouw, Adriaan Jacob, 1877-1968.  |s Schriftuurlijke poëzie der Angelsaksen. English.  |t Anglo-Saxon Christian poetry  |z 0848201744  |w (DLC) 76018198  |w (OCoLC)2574663 
856 4 0 |u http://proxy.library.tamu.edu/login?url=https://link.springer.com/10.1007/978-94-017-6314-1  |z Connect to the full text of this electronic book  |t 0 
994 |a 92  |b TXA 
999 |a MARS 
999 f f |s 369b56b9-5f4c-34ac-943a-2f22a5ef2d2e  |i f27a87f3-36f9-37f8-ac47-fcfbf810d5d2  |t 0 
952 f f |a Texas A&M University  |b College Station  |c Electronic Resources  |s www_evans  |d Available Online  |t 0  |e PR201 .B313 1976eb  |h Library of Congress classification 
998 f f |a PR201 .B313 1976eb  |t 0  |l Available Online